| 000 | 01046nas a2200265Ia 4500 | ||
|---|---|---|---|
| 001 | R017/H4488 | ||
| 003 | IT-RoPAU | ||
| 008 | 151124c99999999xx |||||||||||| ||und|| | ||
| 040 | _aIT-RoPAU | ||
| 040 | _cIT-RoPAU | ||
| 041 | _aITALIANO | ||
| 100 |
_aAA.VV. _gCodice Aut. SPICS: 12000 |
||
| 210 | _aFILMCRITICA | ||
| 222 | _aFilmcritica | ||
| 245 |
_aFILMCRITICA SCUOLA, ANNO 7-N.25 (MARZO 2004) _bFilmcritica Scuola, Anno 7-N.25 (Marzo 2004) |
||
| 250 | _a1a ed. | ||
| 260 |
_aMONTEPULCIANO (SI) _bLE BALZE _c2004 |
||
| 501 |
_bPaulus - SPICS - Società San Paolo EM (non-commercial uses only) _cCopyright2015 |
||
| 300 | _a16 p. | ||
| 310 | _aTRIMESTRALE | ||
| 362 | _aANNO 007, N.25 (MARZO 2004) | ||
| 500 | _aSupplemento Alla Rivista Filmcritica N. 543. i Giovani Incontrano il Cinema di G. Paganelli. Leggere il Cinema: Metafore della Visione di L. Esposito. Sugli Schermi: Discorso Sulla Superficie: la Trilogia dell'Anello di D. Dottorini. Profili: Lim Burton d | ||
| 650 |
_aCINEMA _vPUBBLICAZIONE PERIODICA |
||
| 942 | _cCR | ||
| 999 |
_c123102 _d123102 |
||